Le potentiel logarithmique ; balayage et représentation conforme.

Guardado en:
Autor Principal: La Vallée Poussin, Charles Jean de, 1866-
Formato: Libro
Idioma:French
Publicado: Louvain : Librairie Universitaire, 1949.
Materias:
Etiquetas: Agregar Etiqueta
Sin Etiquetas, Sea el primero en etiquetar este registro!
LEADER 00619cam a22001931a 4500
001 MAT.inmabb006922
008 750312s1949####fr############000#0#fre##
005 20160408103441.0
245 1 3 |a Le potentiel logarithmique ;  |b balayage et représentation conforme. 
260 |a Louvain :  |b Librairie Universitaire,  |c 1949. 
300 |a xii, 452 p. ;  |c 25 cm. 
510 4 |a MR,  |c *REVIEW #* 
100 1 |a La Vallée Poussin, Charles Jean de,  |d 1866- 
650 0 |a Logarithms. 
084 |a *CODIGO*  |2 MR 
010 |a  50023979  
040 |a DLC  |c OTU  |d OCoLC  |d DLC 
859 |p A-5577  |3 1  |b BIB. MATEMATICA 
859 |p A-9029  |3 2  |b BIB. MATEMATICA